LIBRARY & INFORMATION CENTRE, KCAET, TAVANUR

ONLINE PUBLIC ACCESS CATALOGUE (OPAC)

Soil physics (Record no. 15413)

MARC details
000 -LEADER
fixed length control field 00426cam a2200169 4500
020 ## - INTERNATIONAL STANDARD BOOK NUMBER
ISBN 0471059749
082 00 - DEWEY DECIMAL CLASSIFICATION NUMBER
Classification number 631.4/3
Item number BAV/SO
100 1# - MAIN ENTRY--AUTHOR NAME
Personal name Baver, Leonard David,
245 00 - TITLE STATEMENT
Title Soil physics
250 ## - EDITION STATEMENT
Edition statement 4th ed.
260 ## - PUBLICATION, DISTRIBUTION, ETC. (IMPRINT)
Place of publication New York,
Name of publisher Wiley
Year of publication [1972]
300 ## - PHYSICAL DESCRIPTION
Number of Pages xx, 498 p.
Other physical details illus.
650 #0 - SUBJECT ADDED ENTRY--TOPICAL TERM
Topical Term Soil physics.
700 1# - ADDED ENTRY--PERSONAL NAME
Personal name Gardner, Walter H.
700 1# - ADDED ENTRY--PERSONAL NAME
Personal name Gardner, Wilford R.,
942 ## - ADDED ENTRY ELEMENTS (KOHA)
Koha item type Books
Holdings
Withdrawn status Lost status Damaged status Collection code Home library Current library Shelving location Date acquired Source of acquisition Cost, normal purchase price Full call number Accession Number Koha item type
        KAUAET KAUAET General Stacks 31/03/2018 Vigyan Books 2770.20 631.43 BAV/SO 25687 Books
free website counter